| 000 | 00792 a2200265 4500 | ||
|---|---|---|---|
| 001 | 200421680 | ||
| 999 |
_c200421680 _d25170 |
||
| 003 | TR-AnTOB | ||
| 005 | 20210408093241.0 | ||
| 008 | 150327b tu 000 0 | ||
| 020 | _a9757395447 | ||
| 040 |
_aTR-AnTOB _btur _erda |
||
| 041 | 0 | _atur | |
| 050 | 0 | 0 |
_aJF1358.T9 _bY47 2015 |
| 090 | _aJF1358.T9. Y47 2015 | ||
| 245 | 1 | 0 |
_aKamu politikalarının oluşturulmasında katılımcılık ve bilgi ve iletişim teknolojileri / _cHakn Yerlikaya. |
| 264 |
_aAnkara: _bKalkınma Bakanlığı, _c2015 |
||
| 300 |
_aXII, 192 s. : _btbl., grf. ; _c24 sm. |
||
| 336 |
_atext _2rdacontent |
||
| 337 |
_aunmediated _2rdamedia |
||
| 338 |
_avolume _2rdacarrier |
||
| 650 | 0 | 0 |
_aPublic administration _918966 |
| 650 | 0 | 0 |
_aKamu yönetimi _98396 |
| 942 | _cBK | ||